Obálka
Pro půjčování e-knih musíte být přihlášeni.
Jak si půjčit online?

Z deníku kocoura Modroočka /

Půvabný deníček Josefa Koláře zachycující jeho soužití s kocourkem Modroočkem načetl svého času pro populární rozhlasové večerníčky Hajaja Vlastimil Brodský. Jeho vyprávění je plné hravosti, něhy, humoru a porozumění pro svět zvířátek, která jsou v Kolářově personifikaci v mnohém podobná lidem. Koco...

Celý popis

Uloženo v:
Hlavní autor: Kolář, Josef (Autor)
Další autoři: Brodský, Vlastimil (Autor)
Médium: E-audiokniha
Vydáno: Praha : Supraphon a.s., 2006
Tagy:
Žádné tagy
LEADER 02086nim a22003857i 4500
001 313340
007 sr nunnnnnnned
024 |a 099925574727 
044 |a xr 
100 1 |a  Kolář, Josef  |4 aut 
245 1 0 |a Z deníku kocoura Modroočka /  |c  Kolář, Josef 
264 1 |a Praha :  |b Supraphon a.s.,  |c 2006 
300 |a 1 online zdroj (1 hod., 11 min., 58 sek.) 
336 |a mluvené slovo  |b spw  |2 rdacontent 
337 |a audio  |b s  |2 rdamedia 
338 |a online zdroj  |b cr  |2 rdacarrier 
505 0 0 |t Modroocko se predstavuje (1 min., 58 sek.) 
505 0 0 |t Bledemodra a setkani s Belovousem Zrzundou (6 min., 19 sek.) 
505 0 0 |t Modroocko potka Zelenoocku a uci se zpivat (6 min., 3 sek.) 
505 0 0 |t Vylet na chalupu (6 min., 21 sek.) 
505 0 0 |t Kralik Bile pirko (5 min., 10 sek.) 
505 0 0 |t Fousek a jeho pan (6 min., 14 sek.) 
505 0 0 |t Franta Sramota (4 min., 58 sek.) 
505 0 0 |t Setkani s kocourem Zlutakem (6 min., 36 sek.) 
505 0 0 |t Modroocko rozbil bryle (6 min., 12 sek.) 
505 0 0 |t Modroocko nasel Kiki (5 min., 26 sek.) 
505 0 0 |t Kiki si hraje (5 min., 7 sek.) 
505 0 0 |t Navrat domu (5 min., 50 sek.) 
505 0 0 |t Kiki ma deti (5 min., 48 sek.) 
520 2 |a Půvabný deníček Josefa Koláře zachycující jeho soužití s kocourkem Modroočkem načetl svého času pro populární rozhlasové večerníčky Hajaja Vlastimil Brodský. Jeho vyprávění je plné hravosti, něhy, humoru a porozumění pro svět zvířátek, která jsou v Kolářově personifikaci v mnohém podobná lidem. Kocour Modroočko nezestárnul a jistě potěší nejenom děti, ale také jejich maminky a možná se k poslouchání přidá i některý táta. 
700 1 |a  Brodský, Vlastimil  |4 nrt 
910 |a RBIT002 
998 |d 403580  |a https://core.palmknihy.cz/api/books/403580/cover?scfr0f  |b https://core.palmknihy.cz/api/books/403580/cover/400?scfr0f  |c https://core.palmknihy.cz/api/books/403580/cover/50?scfr0f  |e 2099-01-01  |i 099925574727  |l 4318  |q 49  |r 1  |s https://www.palmknihy.cz/kniha/403580  |t audiobook  |y 2006  |z 1 
999 |d 313338